Statistiche per Nomi dei calciatori - Quiz n°48

Clicka qui per fare il quiz!

Statistiche generali

  • Questo quiz è stato fatto 19 volte
  • Il punteggio medio è 8 su 10

Statistiche sulle risposte

HintRisposta% Corretto
VidalArturo
100%
CriscitoDomenico
94%
KondogbiaGeoffrey
88%
PiquéGerard
88%
ParoloMarco
88%
HysajElseid
82%
BremerGleison
82%
LeãoRafael
82%
AuderoEmil
76%
KonePanagiotis
59%

Distribuzione punteggi

Percentile per numero di risposta

Percentuale di utenti per punteggio

I tuoi punteggi nel tempo

Non hai fatto questo quiz